00948naa#a2200181#i#4500001001600000005001700016011001400033100004100047102000700088200023800095210011900333215001000452608004500462675012500507700005800632700005200690856002400742RU\\bibl\12160320260602143744.2##a2414-3995##a20251022b2025####ek#y0rusy0150####ca##aRU1#aРеализация биографического метода в процессе воспитания курсантов образовательных организаций МВД РоссииeЖурнальная статья1#aМоскваcМосковский университет МВД России имени В.Я. Кикотяd2025##a5 с.##aЖурнальная статья2local##aНародное образование. Воспитание. Обучение. Организация досуга. 37#1aУльяноваgИрина Валентиновна#1aСавицкийgВиталий Юрьевич4#amosumvd.editorum.ru